Nihon jōshi kō,
Saved in:
| Main Author: | |
|---|---|
| Format: | Book |
| Language: | Japanese |
| Published: |
Tōkyō]
Sanʾichi Shobō
[1968]
|
| Series: | Sanʾichi bukkusu
|
| Subjects: | |
| Tags: |
Add Tag
No Tags, Be the first to tag this record!
|
| LEADER | 00740nam a2200229u 4500 | ||
|---|---|---|---|
| 001 | 007742603-7 | ||
| 005 | 20024617120653.0 | ||
| 008 | 930812s1968 ja 000 0 jpn d | ||
| 035 | 0 | |a ocm28624066 | |
| 040 | |a MoSW |c MoSW |d *YNH* |d CStRLIN | ||
| 100 | 1 | |6 880-01 |a Kunimitsu, Shirō, |d 1922- | |
| 245 | 1 | 0 | |6 880-02 |a Nihon jōshi kō, |c Kunimitsu Shirō [cho. |
| 260 | |6 880-03 |a Tōkyō] |b Sanʾichi Shobō |c [1968] | ||
| 300 | |a 283 p. | ||
| 490 | 0 | |6 880-04 |a Sanʾichi bukkusu | |
| 650 | 0 | |a Suicide |z Japan |x Anecdotes. | |
| 880 | 1 | |6 100-01 |a 邦光史郎, |d 1922- | |
| 880 | 1 | 0 | |6 245-02 |a 日本情死考, |c 邦光史郎[著. |
| 880 | |6 260-03 |a 東京] |b 三一書房 |c [1968] | ||
| 880 | 0 | |6 490-04 |a さんいちぶつくす | |
| 988 | |a 20021217 | ||
| 906 | |0 OCLC | ||


